| 000 | 00858nas a2200313 4500 | ||
|---|---|---|---|
| 001 | BR0604538 | ||
| 003 | BR-BrBNA | ||
| 005 | 20231205110427.0 | ||
| 007 | ta | ||
| 008 | 230509b bl.|||p| |||| 00| 00por d | ||
| 040 |
_aBR-BrBNA _bpor _cBiblioteca Nacional de Agricultura |
||
| 041 | _a(Pt) | ||
| 072 | _aL72 | ||
| 100 | 1 | _aFaccini, J.L.H. | |
| 100 | 1 | _aSantos, A.C.G. | |
| 100 | 1 | _aBechara, G.H. | |
| 245 | 1 | _aDemodicose bovina no Estado da Paraíba | |
| 650 | _aBOVINO | ||
| 650 | _aPARASITO DE ANIMAL | ||
| 650 | _aÁCARO | ||
| 650 | _aINFESTAÇÃO | ||
| 650 | _aHISTOPATOLOGIA | ||
| 650 | _aLESÃO | ||
| 650 | _aPELE | ||
| 650 | _aPARAÍBA | ||
| 773 | 0 |
_tPesquisa Veterinária Brasileira (Brazil) _xISSN 0100-736X _g(Jul-Sep 2004), v. 24(3) p. 149-152 _wBR0604538 |
|
| 909 |
_a202311 _bLúcia _c55 _dLúcia Elande |
||
| 942 |
_2AGRIS _n0 _cANA |
||
| 999 |
_c187353 _d187353 |
||